| 000 | 00746nam a22002057a 4500 | ||
|---|---|---|---|
| 999 |
_c13469 _d13469 |
||
| 003 | MIRAKIL | ||
| 005 | 20190829120500.0 | ||
| 008 | 190829b tu ||||| |||| 00| 0 tur d | ||
| 020 | _a9786051364315 | ||
| 040 |
_aTR-AnCHP _cTR-AnCHP |
||
| 041 | _atur | ||
| 082 |
_aATA 923.156 _bA72 2019 |
||
| 245 | 1 | 0 |
_aAtatürk'ün nöbet defteri, _b1931-1938 / _cToplayan: Özel Şahingiray. |
| 260 |
_aAnkara: _bAnkara Üniversitesi yayınları, _c2019. _fAnkara Üniversitesi Basımevi. |
||
| 300 |
_a750 s.: _c24 sm. |
||
| 490 | 0 |
_aAnkara Üniversitesi yayınları; _aTürk İnkılap Tarihi Enstitüsü yayınları; _v636. _v58. |
|
| 600 | 1 | 4 |
_91465 _aAtatürk, Gazi Mustafa Kemal _d1881-1938 |
| 700 |
_95956 _aŞahingiray, Özel _eder. |
||
| 942 |
_2ddc _cBKS |
||